Statistics for Paintball Vocabulary

Click here to take the quiz!

General Stats

  • This quiz has been taken 8 times
  • The average score is 11 of 24

Answer Stats

HintFirst
Letter
Answer% Correct
An individual who participates in the sport of paintball.BBaller
71%
To rapidly fire two shots at a target, increasing the potential for a hit.D{Double} tap
71%
The start of the game, usually signaled by the head referee calling out "Go go go!", blowing a whistle, or sounding a horn.BBreakout
57%
Propellant used to shoot paintballs.CCompressed air
57%
The location to which players who have been eliminated are sent.D{Dead} box
57%
A container in which loose paintballs are held before falling into the breech of the marker.HHopper
57%
A round capsule containing non-toxic, biodegradable, water-soluble paint.PPaintball
57%
To cheat by removing evidence of a hit before a referee identifies you as being eliminated.WWipe
57%
Slang for “referee.”ZZebra
57%
(of a paintball) To strike a target without breaking.BBounce
43%
An obstacle on the field of play used to block opposing players' view and field of fire.BBunker
43%
Discharging a marker that has no paintballs loaded.D{Dry} firing
43%
A paintball “gun.”MMarker
43%
A shot that hits another player in the front of the mask.M{Mug} shot
43%
To continue firing at a player after they have indicated that they are eliminated.OOvershoot
43%
A plastic tube with a snap-closed lid that carries extra paintballs while on the field to refill the hopper.PPod
43%
A container that holds the gas that powers a paintball “gun.”TTank
43%
Using two or more fingers to rapidly drum the trigger, resulting in a higher rate of fire than normal trigger pulling can achieve.W{Walking} the trigger
43%
A player who continues to play after being eliminated, remaining in low-activity areas to avoid being caught.GGhost
29%
A waist pack or load-bearing vest used to carry pods, and sometimes an air tank or extra gear.HHarness
29%
A bunker or other area in which multiple friendly players have gathered in close quarters while being attacked by a much larger opposing group.HHellhole
29%
A player who shoots excessive amounts of paint.HHoser
29%
The final player against a significant number of opposing players.RRenegade
29%
A quickly-fired line of paintballs.RRope
29%

Score Distribution

Percentile by Number Answered

Percent of People with Each Score

Your Score History

You have not taken this quiz